Pokémon - Nona Generazione - Statistics

Statistiche generali
  • Questo quiz è stato fatto 57 volte
  • Il punteggio medio è 48 su 120
Statistiche sulle risposte
Numero Pokédex Nazionale Tipo Tipo Pokémon % Corretto
#909 Fuoco Fuecoco
77%
#908 Erba Buio Meowscarada
72%
#906 Erba Sprigatito
72%
#907 Erba Floragato
67%
#914 Acqua Lotta Quaquaval
67%
#912 Acqua Quaxly
64%
#911 Fuoco Spettro Skeledirge
64%
#910 Fuoco Crocalor
62%
#1008 Elettro Drago Miraidon
62%
#921 Elettro Pawmi
62%
#922 Elettro Lotta Pawmo
62%
#923 Elettro Lotta Pawmot
62%
#936 Fuoco Psico Armarouge
59%
#1007 Lotta Drago Koraidon
59%
#915 Normale Lechonk
56%
#928 Erba Normale Smoliv
56%
#975 Ghiaccio Cetitan
54%
#974 Ghiaccio Cetoddle
54%
#984 Terra Lotta Grandizanne
54%
#920 Coleottero Buio Lokix
54%
#991 Ghiaccio Acqua Saccoferreo
54%
#959 Folletto Acciaio Tinkaton
54%
#930 Erba Normale Arboliva
51%
#941 Elettro Volante Kilowattrel
51%
#913 Acqua Quaxwell
51%
#995 Roccia Elettro Spineferree
51%
#948 Terra Erba Toedscool
51%
#949 Terra Erba Toedscruel
51%
#979 Lotta Spettro Annihilape
49%
#951 Erba Capsakid
49%
#980 Veleno Terra Clodsire
49%
#993 Buio Volante Colloferreo
49%
#967 Drago Normale Cyclizar
49%
#934 Roccia Garganacl
49%
#972 Spettro Houndstone
49%
#992 Lotta Elettro Manoferrea
49%
#919 Coleottero Nymble
49%
#954 Coleottero Psico Rabsca
49%
#990 Terra Acciaio Solcoferreo
49%
#940 Elettro Volante Wattrel
49%
#929 Erba Normale Dolliv
46%
#977 Acqua Dondozo
46%
#956 Psico Espathra
46%
#994 Fuoco Veleno Falenaferrea
46%
#983 Buio Acciaio Kingambit
46%
#942 Buio Maschiff
46%
#1017 Erba Ogerpon
46%
#1014 Veleno Lotta Okidogi
46%
#976 Acqua Psico Veluza
46%
#1002 Buio Ghiaccio Chien-Pao
44%
#970 Roccia Veleno Glimmora
44%
#916 Normale Oinkologne
44%
#1024 Normale Terapagos
44%
#960 Acqua Wiglett
44%
#961 Acqua Wugtrio
44%
#985 Folletto Psico Codaurlante
41%
#957 Folletto Acciaio Tinkatink
41%
#1006 Folletto Lotta Eroeferreo
41%
#1010 Erba Psico Fogliaferrea
41%
#1000 Spettro Gholdengo
41%
#971 Spettro Greavard
41%
#1019 Erba Drago Hydrapple
41%
#964 Acqua Palafin
41%
#973 Volante Lotta Flamigo
38%
#1015 Veleno Psico Munkidori
38%
#968 Acciaio Orthworm
38%
#938 Elettro Tadbulb
38%
#978 Drago Acqua Tatsugiri
38%
#962 Volante Buio Bombirdier
36%
#1011 Erba Drago Dipplin
36%
#1005 Drago Buio Lunaruggente
36%
#989 Elettro Terra Peldisabbia
36%
#953 Coleottero Rellor
36%
#952 Erba Fuoco Scovillain
36%
#918 Coleottero Spidops
36%
#917 Coleottero Tarountula
36%
#958 Folletto Acciaio Tinkatuff
36%
#1023 Acciaio Psico Capoferreo
33%
#937 Fuoco Spettro Ceruledge
33%
#982 Normale Dudunsparce
33%
#1016 Veleno Folletto Fezandipiti
33%
#986 Erba Buio Fungofurioso
33%
#1022 Roccia Psico Massoferreo
33%
#932 Roccia Nacli
33%
#1009 Acqua Drago Acquecrespe
31%
#925 Normale Maushold
31%
#1018 Acciaio Drago Archaludon
28%
#939 Elettro Bellibolt
28%
#935 Fuoco Charcadet
28%
#981 Normale Psico Farigiraf
28%
#1021 Elettro Drago Furiatonante
28%
#966 Acciaio Veleno Revavroom
28%
#944 Veleno Normale Shroodle
28%
#946 Erba Spettro Bramblin
26%
#927 Folletto Dachsbun
26%
#996 Drago Ghiaccio Frigibax
26%
#999 Spettro Gimmighoul
26%
#945 Veleno Normale Grafaiai
26%
#943 Buio Mabosstiff
26%
#924 Normale Tandemaus
26%
#965 Acciaio Veleno Varoom
26%
#1004 Buio Fuoco Chi-Yu
23%
#987 Spettro Folletto Crinealato
23%
#933 Roccia Naclstack
23%
#1013 Erba Spettro Sinistcha
23%
#988 Coleottero Lotta Alirasenti
21%
#997 Drago Ghiaccio Arctibax
21%
#998 Drago Ghiaccio Baxcalibur
21%
#947 Erba Spettro Brambleghast
21%
#926 Folletto Fidough
21%
#955 Psico Flittle
21%
#969 Roccia Veleno Glimmet
21%
#1025 Veleno Spettro Pecharunt
21%
#1020 Fuoco Drago Vampeaguzze
21%
#1001 Buio Erba Wo-Chien
21%
#963 Acqua Finizen
18%
#931 Normale Volante Squawkabilly
18%
#1003 Buio Terra Ting-Lu
18%
#950 Roccia Klawf
15%
#1012 Erba Spettro Poltchageist
15%
Nessun quiz corrispondente trovato
Distribuzione punteggi
Percentuale di utenti per punteggio
Percentile per numero di risposta
I tuoi punteggi nel tempo
Non hai fatto questo quiz